Quick Pick: American Wars by Movie Quiz Stats

 Plays Quiz Updated May 13, 2019

Score 0/10 Timer 01:00
3 Plays Today
% Correct
Saving Private Ryan
90.3%
M*A*S*H
89.8%
The Patriot
87.2%
Platoon
85%
Zero Dark Thirty
83.4%
Glory
75.6%
The Rough Riders
73.3%
Three Kings
64.2%
Flyboys
60.6%
One Man's Hero
47.7%

Today's Daily Dose

You're not logged in!

Compare scores with friends on all Sporcle quizzes.
OR
Log In

Show Comments

Extras

Top Quizzes Today


Score Distribution

Your Account Isn't Verified!

In order to create a playlist on Sporcle, you need to verify the email address you used during registration. Go to your Sporcle Settings to finish the process.

Report this User

Report this user for behavior that violates our Community Guidelines.

Details: